SZA - 2AM (All Lyrics) - Statistics

General Stats
  • This quiz has been taken 80 times
  • The average score is 399 of 500
Answer Stats
Answer % Correct
and
100%
And
100%
I
100%
you?
100%
you
100%
You
100%
you,
100%
you)
100%
2AM
98%
2AM,
98%
come
98%
"Come
98%
come,
98%
come?
98%
Come
98%
'bout
94%
bout'
94%
I'm
94%
it
94%
me,
94%
me
94%
me?
94%
the
94%
thinkin'
94%
thinkin',
94%
Thinkin'
94%
do
92%
Do
92%
time
92%
time,
92%
again
90%
all
90%
All
90%
Can
90%
can
90%
It's
90%
it's
90%
love
90%
n****
90%
see
90%
through?"
90%
through,
90%
with
90%
be
88%
ever
88%
in
88%
never
88%
Never,
88%
on
88%
to
88%
up
88%
don't
86%
for
86%
once,
86%
once
86%
about
84%
know
84%
like
84%
"Should
84%
stuck
84%
kick,
82%
kick
82%
why
82%
Why
82%
mirror
80%
could
78%
no?
78%
no?"
78%
no
78%
everything
76%
everything,
76%
is
76%
last
76%
rewind,
76%
say
76%
behind
73%
first,
73%
am
71%
that
71%
were
71%
your
71%
doin'
69%
my
69%
reverse,
69%
as
67%
at
67%
when
67%
would
67%
lookin'
65%
of
65%
shit
63%
side
63%
been
59%
get
59%
hear
59%
long
59%
now,
59%
This
59%
this
59%
turn,
59%
yeah,
59%
yeah
59%
care
57%
how
57%
lie
57%
one
57%
point,
57%
point
57%
clear
55%
got
55%
loud
55%
play
55%
put
55%
burns
53%
girls
53%
life
53%
mine
53%
Wait,
53%
wait,
53%
waste
53%
you're
53%
better
51%
done
51%
fucked
51%
late,
51%
late
51%
move
51%
Out
51%
out
51%
Will
51%
another
49%
body,
49%
'cause
49%
could've
49%
I've
49%
oh
49%
playin'
49%
right
49%
too
49%
nobody
47%
confused,
45%
Guess
45%
bite
43%
trust
43%
want
43%
Fall
41%
from
41%
kind,
39%
please
39%
blowin'
37%
need
37%
cut
35%
might
35%
fuse
33%
loose,
33%
thirsty
33%
Devil,
31%
blame
29%
conjure
29%
coochie
29%
hoochie
24%
bad
22%
(Bad
22%
baby
20%
Houdini
20%
knew
20%
voodoo,
14%
confess
12%
circus
8%
No matching quizzes found
Score Distribution
Percent of People with Each Score
Percentile by Number Answered
Your Score History
You have not taken this quiz